Logo BPK

Biblioteka

Politechniki Koszalińskiej

Deformacje zginanych elementów żelbetowych obciążonych długotrwale / (Rekord nr 31065)

Szczegóły MARC
000 -ETYKIETA REKORDU
podpole kontrolne o stałej długości 01283nam a2200265 i 4500
001 - NUMER KONTROLNY REKORDU
pole kontrolne bg
040 ## - ŹRÓDŁO KATALOGOWANIA
Instytucja, która utworzyła rekord BPK
041 0# - KOD JĘZYKA
Kod języka tekstu pl
Kod języka streszczenia lub abstraktu en
080 ## - UNIWERSALNA KLASYFIKACJA DZIESIĘTNA - UKD
UKD 624.07:624.04:666.97/.98:539.3/.6
008 - POLE O STAŁEJ DŁUGOŚCI - DANE KONTROLNE
podpole kontrolne o stałej długości s pl f |000 0 pol
100 1# - NAZWA OSOBOWA
Nazwa osobowa SZECHIŃSKI, Mariusz
245 10 - TYTUŁ/ODPOWIEDZIALNOŚĆ
Tytuł Deformacje zginanych elementów żelbetowych obciążonych długotrwale /
Pozostałe elementy strefy tytułu i oznaczenia odpowiedzialności Mariusz Szechiński.
246 11 - WARIANT TYTUŁU
Tytuł Deformations of the flexed reinforced concrete beams under sustained loads
260 ## - STREFA ADRESU WYDAWNICZEGO
Miejsce wydania Wrocław :
Nazwa wydawcy/dystrybutora Oficyna Wydawnicza PW,
Data publikacji, dystrybucji/powstania dokumentu 1996.
300 ## - STREFA OPISU FIZYCZNEGO
Objętość 298 s. :
Inne cechy fizyczne rys., wykr. ;
Rozmiary 24 cm.
490 1# - STREFA SERII I DOKUMENTU WIELOCZĘŚCIOWEGO - FORMA NIE DO WYSZUKIWANIA
Tytuł i oznaczenie odpowiedzialności serii Prace Naukowe Instytutu Budownictwa Politechniki Wrocławskiej. Monografie =
-- Scientific Papers of the Institute of Building Engineering of the Technical University of Wrocław. Monographs,
ISSN 0324-9875 ;
Numeracja w obrębie serii 30
500 ## - UWAGI OGÓLNE
Tekst uwagi Tyt. równol. : Deformations of the flexed reinforced concrete beams under sustained loads.
500 ## - UWAGI OGÓLNE
Tekst uwagi Numeracja ser. gł. : 67.
504 ## - UWAGA DOTYCZĄCA BIBLIOGRAFII
Informacje o bibliografii Bibliogr. s. 242-257. - Summ.
650 #9 - HASŁO PRZEDMIOTOWE W FORMIE NAZWY OGÓLNEJ LUB JEDNOSTKOWEJ
Nazwa ogólna lub geograficzna Naprężenia i odkształcenia
Określnik ogólny badanie
-- metody
650 #9 - HASŁO PRZEDMIOTOWE W FORMIE NAZWY OGÓLNEJ LUB JEDNOSTKOWEJ
Nazwa ogólna lub geograficzna Wytrzymałość materiałów
Określnik ogólny badanie
-- metody
650 #9 - HASŁO PRZEDMIOTOWE W FORMIE NAZWY OGÓLNEJ LUB JEDNOSTKOWEJ
Nazwa ogólna lub geograficzna Żelbet
Określnik ogólny wyroby
-- mechanika
-- badanie
-- metody
830 #0 - HASŁO DODATKOWE SERII LUB DOKUMENTU WIELOCZĘŚCIOWEGO - TYTUŁ UJEDNOLICONY
Tytuł ujednolicony Prace Naukowe Instytutu Budownictwa Politechniki Wrocławskiej.
Nazwa części/sekcji dzieła Monografie ;
Oznaczenie tomu 30
856 ## - LOKALIZACJA I DOSTĘP DO ELEKTRONICZNYCH DOKUMENTÓW ZDALNYCH
Link (URL) http://koha.tu.koszalin.pl/cgi-bin/koha/opac-detail.pl?biblionumber=31065
Tekst linku Katalog online BPK
942 ## - DODATKOWE ELEMENTY (KOHA)
Typ dokumentu Książka
Egzemplarze
Wycofany Status egzemplarza Uszkodzony Dostępność Lokalizacja stała Lokalizacja bieżąca Miejsce przechowywania Sygnatura Kod kreskowy Typ dokumentu
      Dostępny Biblioteka Politechniki Koszalińskiej Biblioteka Politechniki Koszalińskiej Wypożyczalnia BG 38131 01081596 Książka
© 2023 Biblioteka Politechniki Koszalińskiej :: KOHA